6. Sin Señal - Quevedo - Estadísticas

Estadísticas generales
  • Esta prueba ha sido intentada 41 veces
  • La puntuación promedio es 216 de 328
Estadísticas de respuestas
% Correcto
¿A
100%
donde
100%
dónde
100%
¿Dónde
100%
100%
se
100%
a
97%
buscando
97%
Es
97%
Estaba
97%
party
97%
señal
97%
sin
97%
Sin
97%
en
94%
un
94%
el
92%
no
92%
No
92%
Perdí
92%
buscándome
89%
con
89%
Estoy
89%
estoy?
89%
O
89%
y
89%
casa
86%
conocida'
86%
Dale
86%
la
86%
perdido
86%
pero
86%
respirar
86%
Caras
83%
club
83%
lo
83%
nadie
83%
te
83%
amigos
81%
Hoy
81%
mami
81%
me
81%
perdóname
81%
que
81%
voy?
81%
alguien
78%
llamé
78%
volver
78%
ya
78%
eso
75%
favor
75%
las
75%
llego
75%
por
75%
¿Cómo
72%
dirección
72%
había
72%
mi
72%
mucha'
72%
noche
72%
ti
72%
tu
72%
hago
69%
más
69%
retroceder?
69%
tiempo
69%
una
69%
van
69%
amor
64%
de
64%
dolor
64%
este
64%
hay
64%
Hey
64%
horas
64%
Juan
64%
nombre
64%
San
64%
Yo
64%
entienda
61%
ni
61%
puedo
61%
sigo
61%
ver
61%
apaga
58%
bien
58%
calor
58%
color
58%
Dime
58%
hogueras
58%
Necesito
58%
papel
58%
vida
58%
arranque
56%
estás
56%
pa'l
56%
So
56%
doctor
53%
Sol
53%
Yeah
53%
yeah
53%
(Yeah
53%
cáele
47%
oscuras
47%
Colombia
33%
Cubana
33%
every
33%
and
31%
And
31%
santero
31%
the
31%
The
31%
you
31%
Ah
28%
Dey
28%
Dominicana
28%
Oh
28%
Puerto
28%
Drums
25%
know
25%
Ovy
25%
ay)
22%
Ay
22%
everything
22%
fi
22%
go
22%
hand
22%
Love
22%
Music
22%
On
22%
to
22%
When
22%
Angelina
19%
everyday
19%
play
19%
pon
19%
Rican
19%
vibes
19%
way
19%
bad
17%
Caribbean
17%
country
17%
fash`
17%
happen
17%
how
17%
whine
17%
back
14%
big
14%
From
14%
Ghana
14%
got
14%
long
14%
say
14%
Tenía
14%
up
14%
we
14%
wi
14%
Yuh
14%
yuh
14%
dunno
11%
farmer
11%
seh
11%
time
11%
days
8%
inna
8%
yah
8%
No se encontraron pruebas coincidentes
Distribución de puntuación
Porcentaje de gente con cada puntuación
Porcentaje por número respondido
Historial de tus puntuaciones
No has intentado esta prueba.